| 000 | 00345nam a2200145Ia 4500 | ||
|---|---|---|---|
| 008 | 230312s9999||||xx |||||||||||||| ||und|| | ||
| 020 | _a81-7758-542-1 | ||
| 082 |
_a612 _bFIN-O |
||
| 100 | _aFinar;I.L | ||
| 245 | 0 | _aOrganic Chemistry | |
| 260 |
_bPerason _aIndia _c2013 |
||
| 300 | _a965 | ||
| 650 |
_aPharmacy _vOrganic Chemistry |
||
| 942 | _cBK | ||
| 999 |
_c10848 _d10848 |
||